[Event "Moscow-ch"]
[Site "Moscow"]
[Date "2001.??.??"]
[Round "1"]
[White "Karpatchev, Aleksandr"]
[Black "Litvin, Ivan"]
[Result "1-0"]
[WhiteElo "2380"]
[BlackElo "2067"]
[PlyCount "79"]
[EventDate "2001.??.??"]
[EventType "swiss"]
[EventRounds "9"]
[EventCountry "RUS"]
[SourceTitle "EXT 2002"]
[Source "ChessBase"]
[SourceDate "2001.11.25"]
[SourceVersion "1"]
[SourceVersionDate "2001.11.25"]
[SourceQuality "1"]

1. e4 c5 2. c3 d6 3. d4 cxd4 4. cxd4 Nf6 5. Nc3 g6 6. f3 Bg7 7. Be3 Nc6 8. Qd2 a6 9. 0-0-0 b5 10. g4 h5 11. g5 Nd7 12. d5 Na5 13. Bd4 Bxd4 14. Qxd4 0-0 15. Kb1 Qb6 16. b3 Qxd4 17. Rxd4 f6 18. gxf6 Rxf6 19. h4 Ne5 20. Bg2 Bd7 21. Nce2 Nb7 22. Bh3 Bxh3 23. Rxh3 Nc5 24. f4 Ng4 25. Rc3 Nf2 26. e5 Rf7 27. Ng3 a5 28. e6 Rff8 29. f5 Kg7 30. N1e2 b4 31. Rf3 Ng4 32. Nf4 Ne5 33. Rf1 Kh6 34. fxg6 Nxg6 35. Ngxh5 Nxh4 36. Ng3 Nf5 37. Rh1+ Kg7 38. Nfh5+ Kh7 39. Nxf5 Rxf5 40. Rg4 1-0